000
00317nam a22001457a 4500
008
230911b ||||| |||| 00| 0 eng d
020
_a
9780521333801
041
_a
eng
080
_2
1
_a
521
082
_a
521NOR
100
_a
19
101
_a
ASTRO
245
_a
STELLAR POPULATONS
_c
NORMAN .A.C
942
_2
udc
_c
BK
999
_c
60318
_d
60318